=LDR 00000nam 2200000 4500 =001 INLIS000000000026345 =005 20130612124807 =008 ***********************************Ind** =035 ##$$0010-061300000026345 =041 ##$$a Ind =082 ##$$a 428 =090 ##$$a 428, Pun g =100 ##$$a Punchihewa, P.G =245 ##$$a The buggy cart, P.G. Punchihewa =260 ##$$a 1992 $b Jakarta =300 ##$$a 25 hlm, 21 cm =650 ##$$a Bahasa inggris =850 ##$$a NBPNMAT